| 000 | 00000nam 2200000za 4500 |
| 001 | 9.839984 |
| 003 | CaOODSP |
| 005 | 20221107151732 |
| 007 | cr ||||||||||| |
| 008 | 170719s2017 qucdb #ob f000 0 fre d |
| 020 | |a978-0-660-09095-5 |
| 040 | |aCaOODSP|bfre |
| 043 | |an-cn--- |
| 086 | 1 |aEn4-144/11-2017F-PDF |
| 245 | 00|aIndicateurs canadiens de durabilité de l'environnement |h[ressource électronique] : |baires protégées au Canada. |
| 246 | 10|aAires protégées au Canada |
| 260 | |aGatineau, Qué. : |bEnvironnement et Changement climatique Canada, |c2017. |
| 300 | |a24 p. : |bgraphiques, cartes |
| 500 | |a« Août 2017. » |
| 500 | |aTitre pris sur la couv. |
| 500 | |aPubl. aussi en anglais sous le titre : Canadian environmental sustainability indicators : Canada's protected areas. |
| 504 | |aComprend des réf. bibliogr. |
| 520 | |a« Les aires protégées sont des terres et des eaux dont l'utilisation est restreinte pour la conservation de la nature. La protection n'empêche pas toujours l'utilisation de ces aires, y compris certaines activités industrielles et la récolte de ressources biologiques. La conservation de la nature doit cependant constituer l'objectif primordial » -- Indicateurs sur les aires protégées au Canada, p. 5. |
| 692 | 07|2gccst|aProtection de l'environnement |
| 692 | 07|2gccst|aDéveloppement durable |
| 692 | 07|2gccst|aAire de conservation |
| 710 | 1 |aCanada. |bEnvironnement et changement climatique Canada. |
| 775 | 08|tCanadian environmental sustainability indicators |w(CaOODSP)9.839982 |
| 794 | |tIndicateurs canadiens de durabilité de l'environnement |w(CaOODSP)9.854109 |
| 795 | |tIndicateurs canadiens de durabilité de l'environnement |w(CaOODSP)9.801948 |
| 856 | 40|qPDF|s1.34 Mo|uhttps://publications.gc.ca/collections/collection_2018/eccc/En4-144-11-2017-fra.pdf |